Reading and writing : literacy in France from Calvin to Jules Ferry

Bibliographic Details
Published in:Cambridge studies in oral and literate culture
Main Authors: Furet, Francois, Ozouf, Jacques
Content type: Book
Published: Cambridge: Univ. Pr. 1982
Series:Cambridge studies in oral and literate culture ;
Source:MPIPL_cat

MARC

LEADER 00000nam a2200000 ub4500
001 PL0051581
003 PLI01000000000000000051325
005 00000000000000.0
008 ||| u
020 |a 0-521-27402-8 
020 |a 9780521274029 
090 |a 406-Fur/1 
100 1 |a Furet, Francois 
245 0 0 |a Reading and writing  |b literacy in France from Calvin to Jules Ferry  |c Francois Furet, Jacques Ozouf 
260 |a Cambridge  |b Univ. Pr.  |c 1982 
300 |a VIII, 369 S. 
490 0 |a Cambridge studies in oral and literate culture ; 
700 1 |a Ozouf, Jacques 
830 0 |w PL0000945 
852 |c 406-Fur/1  |m BOOK